00284nam a2200121Ia 4500008004100000041000900041082001500050100002300065245002300088260003500111300000800146650000800154230718s9999 xx 000 0 und d aEng. a968bASK-C aAskari, Hasan Prof 0aCriminal Procedure aPakistanbAsia Law Housec2017 a594 aLaw